Cultura lingüística : incultura del lenguaje : conferencia leída en el Ateneo el día 17 de diciembre de 1917 / Ivon l'Escop incultura del lenguaje :
Descripción Física:
26 p. ; 24 cm
Materias:
Llengua i cultura
MARC
| LEADER | 00000nam a2200000Ia 4500 | ||
|---|---|---|---|
| 001 | 22123 | ||
| 003 | BGR | ||
| 005 | 20260410113643.0 | ||
| 008 | 160829s1917?] xx 000 0 cat d | ||
| 080 | |a RF-15-67 | ||
| 100 | 1 | |a Aragó i Turón, Ricart |9 71330 | |
| 245 | |a Cultura lingüística : |b incultura del lenguaje : |b conferencia leída en el Ateneo el día 17 de diciembre de 1917 / Ivon l'Escop | ||
| 260 | |a Zaragoza : |b [s.n., |c 1917?] | ||
| 300 | |a 26 p. ; |c 24 cm | ||
| 590 | |a Prové de 3745, exp. 81 | ||
| 650 | |a Llengua i cultura |9 47101 | ||
| 856 | 4 | |u https://media.diba.cat/diba/fitxers/arxiu/fulletons/bib_22123_1917_baixa.pdf |y Accés lliure | |
| 856 | 4 | |u https://media.diba.cat/diba/fitxers/arxiu/fulletons/bib_22123_1917_baixa.pdf |y Accés lliure | |
| 900 | |a bib_22123_1917_baixa.pdf | ||
| 901 | |a Arxiu | ||
| 942 | |n 1 |2 udc |c MON | ||
| 952 | |0 0 |1 0 |4 0 |6 RF1567 |7 1 |9 53664 |a Arxiu |b Arxiu |d 2016-12-01 |l 0 |o RF-15-67 |p 22123 |r 2016-12-01 00:00:00 |w 2016-12-01 |y ARXIU | ||
| 999 | |c 57530 |d 57530 | ||